00225nam a2200085Ia 450000100070000000500170000700800410002424500510006526000230011693901720250826215136.0250824s9999 xx 000 0 und d 0aFARELİ KÖYDE ÜÇ GÜNcŞENGÜL ASAL bAKVARYUM YAYINLARI